[Event "Olympiad Women 2024"]
[Site "Budapest HUN"]
[Date "2024.09.16"]
[Round "6.15"]
[Board "3"]
[White "Mrvova, Alena"]
[Black "Lehaci, Miruna-Daria"]
[Result "0-1"]
[WhiteElo "2121"]
[BlackElo "2180"]
[PlyCount "90"]
[EventDate "2024.09.11"]
[WhiteTeam "Slovakia"]
[BlackTeam "Romania"]
[WhiteTeamCountry "SVK"]
[BlackTeamCountry "ROU"]

1. e4 c5 2. Nf3 d6 3. d3 Nc6 4. g3 g6 5. Bg2 Bg7 6. O-O e5 7. c3 Nge7 8. a3 O-O 9. b4 a6 10. Be3 b6 11. Nbd2 h6 ({RR} 11... f5 12. exf5 Nxf5 13. Nxe5 Nxe5 14. Bxa8 h5 15. h4 Nxe3 16. fxe3 Bg4 17. Qb3+ Kh7 18. Be4 Bh6 19. Rxf8 Bxe3+ 20. Rf2 b5 21. Qd5 Qe7 22. Re1 Bxf2+ 23. Kxf2 Be6 24. Qb7 Bd7 25. Nf3 Ng4+ 26. Kg2 {1-0 Aranda,J (2135)-Yagiz,Y (2113) Titled Tue 20th Aug Late 2024 (6)}) 12. Nc4 ({RR} 12. Nb3 Be6 13. Rb1 Rc8 14. Nfd2 f5 15. f4 exf4 16. Bxf4 g5 17. Be3 Bxc3 18. h4 gxh4 19. Bxh6 Bg7 20. Bxg7 Kxg7 21. Qh5 Rf6 22. Rf4 Rh6 23. Qg5+ Ng6 24. Qxd8 Rxd8 25. Rff1 fxe4 26. Nxe4 Nge5 {0-1 Adly,A (2607)-Vidit,S (2721) Wch Blitz Moscow 2019 (7)}) 12... f5 $146 ({RR} 12... b5 13. Ncd2 cxb4 14. axb4 f5 15. Qb3+ Kh8 16. exf5 gxf5 17. Nh4 f4 18. Bxc6 Nxc6 19. Ng6+ Kh7 20. Nxf8+ Qxf8 21. Qd5 Bb7 22. Ne4 Rd8 23. Bb6 Rd7 24. Nc5 {1-0 Mijatovic,D (2177)-Bukal,V (2391) Belgrade-chT 2020 (2.1)}) ({RR} 12... Be6 13. Qc1 Kh7 14. Nfd2 b5 15. Nb2 cxb4 16. axb4 Qd7 17. Ra3 f5 18. f4 d5 19. Nb3 fxe4 20. dxe4 Bh3 21. Nc5 Qc8 22. Nbd3 Bxg2 23. Kxg2 exf4 24. Nxf4 dxe4 25. Nce6 Rf7 26. Nxg7 Rxg7 27. Bc5 {0-1 Sadikhov,U (2490)-Djukic,N (2515) EU-ch Online 2300+ Final 2020 (2)}) ({RR} 12... Be6 13. Qe2 Qc7 14. Rfd1 Rab8 15. Rac1 f5 16. exf5 Nxf5 17. Bd2 Rbe8 18. Ne3 Nce7 19. Nxf5 Nxf5 20. Re1 Qf7 21. c4 Ne7 22. Be3 Nf5 23. Nd2 Qd7 24. Ne4 Kh8 25. Qc2 Rb8 26. Nc3 Ne7 27. Qd2 {½-½ Mijatovic,D (2078)-Stoyanov,T (2363) Veliko Gradiste Silver Lake op 2018 (1)}) 13. exf5 gxf5 14. Qc1 Kh7 15. bxc5 bxc5 16. Nh4 Be6 17. f4 e4 18. Nb2 Na5 19. dxe4 Nb3 20. Qc2 Nxa1 21. Rxa1 Rb8 22. exf5 Nxf5 23. Be4 Qf6 24. Nc4 d5 25. Bxf5+ Bxf5 26. Nxf5 Qxf5 27. Qxf5+ Rxf5 28. Ne5 Rc8 29. Rb1 Bxe5 30. fxe5 Rxe5 31. Rb7+ Kg6 32. Rb6+ Kf5 33. Bxh6 d4 34. Kf2 Ke4 35. Bf4 Rd5 36. c4 Rh5 37. h4 Kd3 38. Rxa6 Kxc4 39. Ke2 Kc3 40. Kd1 c4 41. Rf6 Rb5 42. Bd2+ Kb2 43. a4 Rb3 44. Bc1+ Kb1 45. Rf1 Re8 0-1

[Event "Olympiad Women 2024"]
[Site "Budapest HUN"]
[Date "2024.09.16"]
[Round "6.16"]
[Board "1"]
[White "Rivera, Ingris"]
[Black "Tsolakidou, Stavroula"]
[Result "0-1"]
[WhiteElo "2171"]
[BlackElo "2444"]
[PlyCount "64"]
[EventDate "2024.09.11"]
[WhiteTeam "Colombia"]
[BlackTeam "Greece"]
[WhiteTeamCountry "COL"]
[BlackTeamCountry "GRE"]

1. d4 Nf6 2. c4 g6 3. Nc3 Bg7 4. e4 d6 5. h3 O-O 6. Be3 Nbd7 7. g4 c5 ({RR} 7... a6 8. Bg2 e5 9. d5 b5 10. cxb5 axb5 11. Nxb5 Ba6 12. a4 Qb8 13. Ne2 Bxb5 14. axb5 Qxb5 15. Rb1 Nc5 16. Nc3 Qb4 17. Qc2 Nb3 18. O-O Nd7 19. Rfd1 Nd4 20. Bxd4 exd4 21. Ne2 Nc5 22. Nc1 {0-1 Visakh,N (2542)-Amin,B (2691) TCh-FRA Top 16 GpB 2023 (2.1)}) 8. d5 b5 9. cxb5 ({RR} 9. Nxb5 Nxe4 10. Qc2 Qa5+ 11. Bd2 Nxd2 12. Qxd2 Qxd2+ 13. Kxd2 Bxb2 14. Rb1 Bg7 15. h4 a6 16. Nc3 Ne5 17. g5 Bf5 18. Rb7 Rfb8 19. Rxb8+ Rxb8 20. Nd1 Rb1 21. Ne3 Be4 22. Rh2 Rb2+ 23. Kc1 Rxa2 {0-1 Golsefidy,S (2018)-Assaubayeva,B (2472) Titled Tue 30th Jul Late 2024 (8)}) 9... a6 10. a4 $146 ({RR} 10. bxa6 Bxa6 11. Bxa6 Rxa6 12. Nf3 Nb6 13. Qe2 Qa8 14. O-O Rb8 15. Bg5 Na4 16. Bc1 Nd7 17. Nxa4 Rxa4 18. a3 Qb7 19. Rd1 Bxb2 20. Rb1 Qb3 21. Rxb2 Qc3 22. Rxb8+ Nxb8 23. e5 dxe5 24. Bb2 Qb3 {1-0 Garriga Cazorla,P (2448)-Yuruultei Batbaatar (1433) Titled Tue 5th Sep Early 2023 (1)}) ({RR} 10. bxa6 Bxa6 11. Bxa6 Rxa6 12. Qe2 Qa5 13. Bd2 Rb8 14. Rb1 Raa8 15. Nf3 Ne8 16. O-O Nc7 17. Bf4 Bxc3 18. bxc3 Qxc3 19. Rxb8+ Rxb8 20. e5 Nxd5 21. Bg3 Rb2 22. Qe4 e6 23. exd6 Rb4 24. Qe2 Rb2 {1-0 Ribeiro,M (2184)-Nik,K (2034) Titled Tuesday intern op 28th Apr blitz 2020 (6)}) ({RR} 10. Qd2 axb5 11. Bxb5 Ba6 12. Bxa6 Rxa6 13. Nf3 Nb6 14. Qe2 Qa8 15. a3 Na4 16. Nd2 Nxc3 17. bxc3 Rxa3 18. Rxa3 Qxa3 19. c4 Rb8 20. O-O Rb2 21. Qd1 Qd3 22. Qa4 h5 23. gxh5 Rxd2 24. Bxd2 Qxd2 {0-1 Balabayeva,X (2183)-Assaubayeva,B (2440) World Blitz Women 2022 (1.12)}) 10... Qa5 11. Bd2 axb5 12. Nxb5 Qb6 13. Qc2 Ba6 14. Rb1 e6 15. g5 Nh5 16. Bc4 Ne5 17. Be2 exd5 18. exd5 Bc8 19. Qb3 Bf5 20. Ra1 Rfe8 21. Kf1 Be4 22. Rh2 c4 23. Qe3 Qxb5 24. axb5 Rxa1+ 25. Bc1 Nd3 26. f3 Rxc1+ 27. Kg2 Nhf4+ 28. Kh1 Nxd5 29. Qd2 Bd4 30. Rg2 Be3 31. Bxd3 cxd3 32. fxe4 Bxd2 0-1

[Event "Olympiad Women 2024"]
[Site "Budapest HUN"]
[Date "2024.09.16"]
[Round "6.16"]
[Board "2"]
[White "Avramidou, Anastasia"]
[Black "Argote Heredia, Valentina"]
[Result "1-0"]
[WhiteElo "2290"]
[BlackElo "2144"]
[PlyCount "91"]
[EventDate "2024.09.11"]
[WhiteTeam "Greece"]
[BlackTeam "Colombia"]
[WhiteTeamCountry "GRE"]
[BlackTeamCountry "COL"]

1. d4 Nf6 2. c4 e6 3. Nf3 d5 4. Nc3 Bb4 5. g3 O-O 6. Bg2 c5 7. cxd5 Nxd5 8. Bd2 cxd4 9. Nxd5 Bxd2+ 10. Qxd2 Qxd5 11. Qxd4 Qa5+ ({RR} 11... Qb5 12. a4 Qa6 13. b4 Nc6 14. Qc3 Rd8 15. O-O Qxe2 16. b5 Ne7 17. Qa3 Nd5 18. Rac1 Qe4 19. Rfd1 Bd7 20. Nd4 {½-½ Sasikiran,K (2694)-Nguyen,A (2496) WMSG Rapid Team 1st 2008 (2)}) 12. Qd2 Qb6 13. O-O Rd8 14. Qc2 $146 ({RR} 14. Qf4 Nc6 15. Rfd1 Bd7 16. h4 Be8 17. b3 h6 18. g4 Rxd1+ 19. Rxd1 Rd8 20. Rd2 Rxd2 21. Qxd2 Qc5 22. g5 hxg5 23. hxg5 Kf8 24. e3 Ke7 25. Qb2 Kf8 26. e4 e5 27. Bh3 Ke7 28. Kg2 a5 {1-0 Rasulov,V (2539)-Kleiman,J (2399) Titled Tue 30th Jul Late 2024 (2)}) ({RR} 14. Qc3 Nc6 15. Rfd1 Bd7 16. Ne5 {½-½ Ris,R (2394)-Miedema,D (2373) NED-chT 1213 2012 (3.2)}) 14... h6 15. Ne5 Nd7 16. Nc4 Qb4 17. Rfd1 Qe7 18. Qd2 Rf8 19. Rac1 Nf6 20. Qa5 Nd5 21. e4 b6 22. Qd2 Nf6 23. e5 Nd5 24. Nd6 Ba6 25. b4 Rad8 26. Bxd5 exd5 27. Qxd5 Be2 28. Rd4 Bh5 29. Re1 Kh8 30. Re3 Qc7 31. Qc4 Qe7 32. Nf5 Qg5 33. Rxd8 Rxd8 34. Nd6 Qe7 35. Qd5 Qc7 36. Kg2 Bg6 37. b5 Qe7 38. f4 f6 39. f5 Bh5 40. Rd3 Kh7 41. e6 Be2 42. Rd2 Bxb5 43. Qxb5 Rxd6 44. Rxd6 Qxd6 45. Kh3 a6 46. Qd7 1-0

[Event "Olympiad Women 2024"]
[Site "Budapest HUN"]
[Date "2024.09.16"]
[Round "6.17"]
[Board "3"]
[White "Nguyen, Thu Giang"]
[Black "Orian, Noga"]
[Result "1/2-1/2"]
[WhiteElo "2068"]
[BlackElo "2187"]
[PlyCount "111"]
[EventDate "2024.09.11"]
[WhiteTeam "Australia"]
[BlackTeam "Israel"]
[WhiteTeamCountry "AUS"]
[BlackTeamCountry "ISR"]

1. e4 c5 2. Nf3 e6 3. c3 Nf6 4. Bd3 Nc6 5. Bc2 Qc7 6. d4 ({RR} 6. O-O d5 7. exd5 Nxd5 8. d4 cxd4 9. Nxd4 Nxd4 10. Qxd4 Bd7 11. Nd2 Bc6 12. Nf3 a6 13. Ne5 O-O-O 14. Nxc6 Qxc6 15. Be4 Qc5 16. Qa4 Bd6 17. Bf3 Bc7 18. g3 h5 19. Qb3 h4 20. c4 hxg3 {½-½ Matlakov,M (2674)-Saric,I (2695) Chess.com Rapid Wk10 Swiss 2022 (8)}) 6... cxd4 7. Nxd4 $146 ({RR} 7. cxd4 Nb4 8. Nc3 Nxc2+ 9. Qxc2 d5 10. e5 Ne4 11. Ng5 Nxc3 12. Qxc3 Qxc3+ 13. bxc3 Be7 14. f4 Bd7 15. Kd2 Rc8 16. Nf3 Rc4 17. Rb1 b6 18. Ne1 Ba4 19. Nd3 Rc7 20. Nb2 Bd7 21. Kc2 O-O {½-½ Mathe,G (2415)-Fancsy,I (2365) HUN-chT2 9495 1994}) ({RR} 7. cxd4 Nb4 8. Nc3 Nxc2+ 9. Qxc2 d5 10. e5 Ne4 11. O-O Nxc3 12. bxc3 Bd7 13. a4 Rc8 14. Bd2 Be7 15. h4 h6 16. g3 O-O 17. Kg2 a5 18. Rh1 Qc4 19. Rh2 h5 20. g4 hxg4 21. Ng5 g6 {1-0 Willy,S (2046)-Xie,B (2281) See Chess IM2 2024 (8.4)}) ({RR} 7. cxd4 Nb4 8. Nc3 Nxc2+ 9. Qxc2 b5 10. a3 Bb7 11. e5 Ne4 12. Bd2 Nxc3 13. Bxc3 Be7 14. Qd3 Qc6 15. O-O a5 16. Rfc1 Qd5 17. Qd2 Bd8 18. Ne1 Bb6 19. Rd1 O-O 20. Kh1 d6 21. f3 Rfd8 {0-1 Kopica,P (1932)-Lewtak,D (2354) Rubinstein Memorial-A 55th 2019 (2)}) ({RR} 7. cxd4 Nb4 8. Nc3 Nxc2+ 9. Qxc2 Bb4 10. O-O O-O 11. Bg5 Nh5 12. Rac1 f6 13. Be3 d5 14. exd5 Bxc3 15. dxe6 Bxe6 16. Qxc3 Qf7 17. b3 Bd5 18. Nd2 Qg6 19. f3 Rfe8 20. Kh1 f5 21. Rfe1 f4 {1-0 Gottlieb,E (1894)-Feng,R (1764) Washington Class-ch A 2009 (3)}) 7... a6 8. a4 b6 9. Be3 Bb7 10. Nd2 Ne5 11. Qe2 Rc8 12. f3 d5 13. Bg5 dxe4 14. Nxe4 Nd5 15. Rd1 Be7 16. Bc1 Ng6 17. g3 Ne5 18. O-O Nc6 19. Nb3 h6 20. Rfe1 Rd8 21. Nf2 Kf8 22. Bd3 a5 23. Be4 h5 24. Bxd5 Rxd5 25. Rxd5 exd5 26. Bf4 Qd8 27. Nd4 Nxd4 28. cxd4 g5 29. Bd2 Bd6 30. Nh3 Rg8 31. Qd3 Qf6 32. Qe3 Be7 33. Rc1 Qd6 34. Qd3 Bc6 35. b3 Bd7 36. Nf2 Rg6 37. Nd1 Kg8 38. Ne3 Bf6 39. Kg2 Qe6 40. g4 hxg4 41. fxg4 Qd6 42. Rf1 Bd8 43. Be1 Be6 44. Bg3 Qd7 45. h3 Bc7 46. Nf5 Bxg3 47. Qxg3 Kh7 48. Qe5 Qd8 49. Ng3 Qc8 50. Qe3 Qc2+ 51. Rf2 Qd1 52. Rf1 Qc2+ 53. Rf2 Qd1 54. Ne2 Kg8 55. Ng3 Kh7 56. Rf1 1/2-1/2

[Event "Olympiad Women 2024"]
[Site "Budapest HUN"]
[Date "2024.09.16"]
[Round "6.19"]
[Board "3"]
[White "Hunt, Harriet V"]
[Black "Mihailova, Alina"]
[Result "1-0"]
[WhiteElo "2304"]
[BlackElo "1969"]
[PlyCount "113"]
[EventDate "2024.09.11"]
[WhiteTeam "England"]
[BlackTeam "Moldova"]
[WhiteTeamCountry "ENG"]
[BlackTeamCountry "MDA"]

1. e4 e5 2. Nf3 Nc6 3. Bb5 a6 4. Ba4 Nf6 5. O-O Be7 6. Re1 b5 7. Bb3 d6 8. c3 O-O 9. h3 Bb7 10. d4 Re8 11. Nbd2 Bf8 12. a4 Na5 13. Bc2 exd4 ({RR} 13... b4 14. d5 bxc3 15. bxc3 c6 16. c4 Qc7 17. Bd3 Reb8 18. Ra3 Bc8 19. Nf1 Bd7 20. Bg5 Be7 21. Ne3 h6 22. Bh4 cxd5 23. Bxf6 Bxf6 24. Nxd5 Qd8 25. Nd2 Bg5 26. Nf3 Nb7 27. a5 Be6 28. Nxg5 {0-1 Polgar,J (2711)-Morozevich,A (2788) Mainz Classic rap Prelim rapid 2008 (1)}) 14. cxd4 b4 15. d5 $146 ({RR} 15. b3 g6 16. d5 Bg7 17. Bb2 c6 18. dxc6 Bxc6 19. Nd4 Bb7 20. Qf3 Rc8 21. Rad1 d5 22. e5 Nd7 23. Nf1 Qh4 24. Bf5 Nxe5 25. Rxe5 Rxe5 26. Bxc8 Bxc8 27. Ne3 Qe4 28. Qg3 Re8 29. Qd6 Nxb3 {½-½ Piorun,K (2631)-Matlakov,M (2707) WchT 11th Khanty-Mansiysk 2017 (6.3)}) ({RR} 15. b3 g6 16. Rb1 Bg7 17. Bb2 Rc8 18. h4 Re7 19. Bd3 Qe8 20. e5 Nd7 21. Qe2 Ra8 22. h5 Bd5 23. hxg6 hxg6 24. Be4 Nb6 25. Bxd5 Nxd5 26. Rbc1 Qd7 27. Qe4 c6 28. Qh4 Qf5 29. exd6 Rxe1+ {0-1 Schmakel,S (2442)-Tang,A (2502) New York 1924 Centennial 2024 (8.1)}) ({RR} 15. b3 g6 16. Bb2 Bg7 17. Qb1 Rc8 18. Bd3 Nd7 19. Qc2 c6 20. Rad1 d5 21. Qb1 Nf8 22. exd5 Rxe1+ 23. Rxe1 cxd5 24. Ne5 Ne6 25. Qd1 Rc7 26. Ndf3 Qd6 27. g3 Qb6 28. h4 Bc8 29. h5 Nc6 {0-1 Henrichs,T (2454)-Diermair,A (2476) AUT-chT 1920 2019 (5.5)}) 15... g6 16. Nf1 Bg7 17. Bf4 Rb8 18. Rc1 Nd7 19. b3 Ne5 20. Nxe5 dxe5 21. Be3 c6 22. d6 Re6 23. Bc5 Bf8 24. Bxb4 Bxd6 25. Bc3 Qb6 26. Qf3 Bb4 27. Red1 Bxc3 28. Rd7 Rf8 29. Qxc3 c5 30. Ne3 Qb4 31. Qxb4 cxb4 32. Rcd1 Bc8 33. R7d5 Nc6 34. Bd3 Nd4 35. Bc4 Re7 36. Rd6 Bb7 37. f3 a5 38. Ng4 Nc6 39. R1d5 Kg7 40. Rc5 h5 41. Ne3 Nd4 42. Rxa5 f5 43. exf5 gxf5 44. Nd5 Bxd5 45. Raxd5 f4 46. Rb6 Rf6 47. Rxf6 Kxf6 48. Rd6+ Kg5 49. a5 Rg7 50. Kf2 Nc2 51. Re6 Kf5 52. Re8 Ne3 53. Rf8+ Kg5 54. Rg8 Nd1+ 55. Ke1 Rxg8 56. Bxg8 Nc3 57. Bc4 1-0

[Event "Olympiad Women 2024"]
[Site "Budapest HUN"]
[Date "2024.09.16"]
[Round "6.19"]
[Board "4"]
[White "Petricenco, Ana"]
[Black "Sivanandan, Bodhana"]
[Result "1/2-1/2"]
[WhiteElo "1894"]
[BlackElo "2196"]
[PlyCount "99"]
[EventDate "2024.09.11"]
[WhiteTeam "Moldova"]
[BlackTeam "England"]
[WhiteTeamCountry "MDA"]
[BlackTeamCountry "ENG"]

1. e4 c6 2. d4 d5 3. e5 Bf5 4. Nf3 e6 5. Be2 c5 6. Be3 cxd4 7. Nxd4 Ne7 8. Nd2 Nbc6 9. N2f3 Bg4 10. c3 ({RR} 10. O-O g6 11. h3 Bxf3 12. Nxf3 Bg7 13. Bf4 O-O 14. c3 Qc7 15. Re1 Nxe5 16. Kh1 f6 17. Nd4 Qc8 18. Bf1 N7c6 19. Qe2 Re8 20. Nxc6 bxc6 21. Rad1 a5 22. Bg3 a4 23. Qc2 Qb7 24. b3 axb3 {½-½ Dominguez Perez,L (2739)-So,W (2788) Saint Louis Champions Showdown G05 blitz 2017 (10.3)}) 10... Bxf3 ({RR} 10... g6 11. Qa4 Bxf3 12. Nxf3 Bg7 13. Bb5 O-O 14. Qf4 Qc7 15. Bxc6 Nxc6 16. Bd4 f6 17. Qg4 Nxd4 18. cxd4 Qa5+ 19. Kf1 f5 20. Qh4 Qb5+ 21. Kg1 Qxb2 22. Rf1 Rae8 23. g4 Qxa2 24. Kg2 Qc2 25. Re1 {0-1 Hinteregger,A (1977)-Bosiocic,M (2559) 43rd St Veit Open 2024 (1.1)}) 11. Nxf3 Nf5 12. Qd2 $146 ({RR} 12. Bf4 Be7 13. h3 Nh4 14. Nxh4 Bxh4 15. O-O O-O 16. Bd3 f5 17. exf6 Bxf6 18. Bh2 Qd7 19. Qg4 Qf7 20. f4 Ne7 21. Kh1 g6 22. Rae1 Nf5 23. Re2 Ng7 24. Qf3 Bd8 25. c4 Bc7 26. g4 Rad8 {½-½ Blanco Acevedo,C (2355)-Lobo Rodriguez,J (2074) ESP-chT CECLUB Div2 2021 (5.5)}) ({RR} 12. Bg5 Be7 13. h4 h6 14. Bxe7 Nfxe7 15. Bd3 Qc7 16. Qe2 O-O-O 17. O-O Kb8 18. b4 g5 19. b5 g4 20. Nd4 Nxd4 21. cxd4 Qc3 22. Qe3 Rc8 23. Rad1 g3 24. Bb1 Rhg8 25. Rd3 Qc4 26. fxg3 Nf5 {0-1 Kosteniuk,A (2551)-Gukesh,D (2456) Douglas IoM op 2018 (6)}) 12... Qc7 13. Bb5 Nxe3 14. Qxe3 Be7 15. O-O O-O 16. Rfe1 Rfd8 17. h3 Rac8 18. Bd3 b6 19. Rad1 h6 20. Bb1 Bf8 21. Nd4 Nxd4 22. Qxd4 Qc4 23. Qxc4 Rxc4 24. Kf1 Rb8 25. Bd3 Rc7 26. Ke2 b5 27. Rc1 a6 28. Rf1 Rbc8 29. Rcd1 Bc5 30. f4 Rd8 31. Rf3 Rcd7 32. Bc2 b4 33. Ba4 Rc7 34. c4 d4 35. Kd3 f6 36. exf6 gxf6 37. Re1 Kf7 38. Bd1 Rg8 39. g4 Rcc8 40. Rff1 Ke7 41. Bf3 Kd6 42. Re2 Rce8 43. Rfe1 e5 44. f5 Rg7 45. Rg1 a5 46. h4 a4 47. h5 Ra7 48. Ra1 Rb8 49. Be4 Rg7 50. Bf3 1/2-1/2

[Event "Olympiad Women 2024"]
[Site "Budapest HUN"]
[Date "2024.09.16"]
[Round "6.20"]
[Board "2"]
[White "Silva, Ana Ines Teixeira Da"]
[Black "Agrest, Inna"]
[Result "0-1"]
[WhiteElo "1925"]
[BlackElo "2197"]
[PlyCount "104"]
[EventDate "2024.09.11"]
[WhiteTeam "Portugal"]
[BlackTeam "Sweden"]
[WhiteTeamCountry "POR"]
[BlackTeamCountry "SWE"]

1. e4 e5 2. Nf3 Nc6 3. Nc3 Nf6 4. d4 exd4 5. Nxd4 Bb4 6. Nxc6 bxc6 7. Bd3 O-O 8. O-O Re8 9. Bg5 h6 10. Bh4 Rb8 11. f4 Be7 12. b3 ({RR} 12. Bxf6 Bxf6 13. e5 Be7 14. b3 d5 15. Kh1 Bb4 16. Ne2 Bg4 17. Qc1 Rb6 18. c3 Bf8 19. Nd4 c5 20. Nf3 a5 21. Qc2 a4 22. h3 axb3 23. axb3 Bxf3 24. Rxf3 Qh4 25. c4 d4 26. Kh2 g6 {0-1 Rey Malde,H (2171)-Ladron de Guevara Pinto,P (2376) Madrid Chess Fest Open 2024 (6.1)}) ({RR} 12. Bf2 Rxb2 13. Bc4 Rb8 14. e5 Nd5 15. Nxd5 cxd5 16. Qxd5 Rf8 17. Rad1 d6 18. Qe4 Bb7 19. Qe2 d5 20. Bd3 c5 21. Rfe1 Qa5 22. e6 f6 23. Qh5 f5 24. Bxf5 Rf6 25. Bh4 Rxf5 26. Qxf5 Bxh4 {1-0 Herman,S (1839)-Agrest,I (2284) Isolated Queens Internet op 2nd 2020 (10)}) 12... d6 13. h3 $146 ({RR} 13. Qf3 Nd7 14. Bxe7 Qxe7 15. Rae1 Nc5 16. e5 Qd8 17. exd6 cxd6 18. Rxe8+ Qxe8 19. f5 Qe5 20. f6 Qd4+ 21. Rf2 g6 22. Ne2 Qa1+ 23. Rf1 Qe5 24. h3 Be6 25. Qf4 Qxf4 26. Nxf4 Re8 27. Kh2 Kf8 {0-1 Hou,Y (2652)-Aronian,L (2799) FIDE World Cup 2017 (2.5)}) ({RR} 13. Qf3 Nd7 14. Bf2 Bf6 15. e5 dxe5 16. Qe4 Nf8 17. f5 Bb7 18. Rad1 Qe7 19. Bxa7 c5 20. Nd5 Bxd5 21. Qxd5 Rbd8 22. Qxc5 Rd6 23. Be4 Red8 24. Rd3 Nh7 25. Qc4 Rxd3 26. cxd3 Qa3 27. Qa4 Qb2 {½-½ Liu,G (2459)-Wen,Y (2585) CHN-chT China 2018 (5.6)}) ({RR} 13. Qf3 Nd7 14. Bxe7 Qxe7 15. Rae1 Nc5 16. Bc4 Bd7 17. h3 Qf6 18. Kh2 Re7 19. Re2 Rbe8 20. g3 h5 21. b4 Ne6 22. Rd2 Qh6 23. Rff2 Nf8 24. Kg2 Qf6 25. Kh2 d5 26. e5 Qf5 27. Bf1 f6 {0-1 Kim,Y (1671)-Vidic,T (2116) Olympiad Women-43 2018 (8.4)}) 13... Nd7 14. Bf2 Bf6 15. Qd2 c5 16. Rae1 Bb7 17. Nd5 Bd4 18. c3 Bxf2+ 19. Rxf2 Bxd5 20. exd5 Nf6 21. Rfe2 Rxe2 22. Bxe2 Qd7 23. Bf3 a5 24. Kh2 Re8 25. Rxe8+ Qxe8 26. b4 Qb5 27. bxa5 Qxa5 28. Qb2 Nd7 29. Qe2 Kf8 30. Qd3 Qxa2 31. Qf5 Qa4 32. Bh5 Nf6 33. Qc8+ Qe8 34. Qxc7 Nxh5 35. Qxd6+ Kg8 36. Qxc5 Nxf4 37. d6 Qe4 38. Qc8+ Kh7 39. Qg4 f5 40. Qg3 Nh5 41. Qf3 Qxf3 42. gxf3 Nf6 43. Kg3 Kg6 44. Kf4 Nd7 45. h4 Kf6 46. h5 Ke6 47. c4 Nc5 48. d7 Nxd7 49. Ke3 Ke5 50. f4+ Kd6 51. Kd4 Nc5 52. Ke3 Ne6 0-1

[Event "Olympiad Women 2024"]
[Site "Budapest HUN"]
[Date "2024.09.16"]
[Round "6.20"]
[Board "3"]
[White "Valcu, Lavinia"]
[Black "Duque, Raquel Dos Santos"]
[Result "0-1"]
[WhiteElo "2076"]
[BlackElo "1913"]
[PlyCount "74"]
[EventDate "2024.09.11"]
[WhiteTeam "Sweden"]
[BlackTeam "Portugal"]
[WhiteTeamCountry "SWE"]
[BlackTeamCountry "POR"]

1. d4 Nf6 2. c4 e6 3. Nf3 Bb4+ 4. Bd2 Qe7 5. e3 O-O 6. Bd3 Bxd2+ 7. Qxd2 d6 8. Nc3 e5 ({RR} 8... Re8 9. O-O e5 10. Bc2 c6 11. h3 Nbd7 12. Rad1 Nf8 13. dxe5 dxe5 14. Ng5 Be6 15. Nxe6 Nxe6 16. Qd6 Qxd6 17. Rxd6 Rad8 18. Rxd8 Rxd8 19. Rd1 Rxd1+ 20. Bxd1 a5 21. Kf1 g6 22. Ke2 Kf8 23. a3 {½-½ Giri,A (2745)-Duda,J (2734) Superbet POL Blitz 2024 (7.2)}) 9. Bc2 Bg4 10. Ng5 ({RR} 10. h3 Bh5 11. Nh4 Bg6 12. Nxg6 hxg6 13. O-O-O Nc6 14. g4 Nb4 15. Bb1 a5 16. g5 Nh5 17. a3 Nc6 18. h4 a4 19. Nd5 Qd8 20. Be4 Na5 21. Qe2 c6 22. Nc3 exd4 23. exd4 Re8 24. Qf3 Nxc4 {1-0 Gunina,V (2435)-Arabidze,M (2457) Swiss Queens Wed #20 2024 (11.17)}) 10... h6 $146 ({RR} 10... c6 11. O-O Nbd7 12. f3 Bh5 13. Rad1 Rad8 14. Rde1 Rfe8 15. f4 h6 16. Nge4 Nxe4 17. Nxe4 Bg6 18. f5 Bh7 19. f6 Nxf6 20. Nxf6+ gxf6 21. Bxh7+ Kxh7 22. Qd3+ Kg7 23. Rf3 e4 24. Rg3+ Kh7 25. Qf1 {1-0 Praggnanandhaa,R (2608)-Terry,R (2504) Tetraktys Concept Mgmt blitz 2021 (7)}) 11. Nge4 Nbd7 12. h3 Bh5 13. g4 Bg6 14. O-O-O Nxe4 15. Nxe4 exd4 16. Qxd4 Rfe8 17. Ng3 Bxc2 18. Kxc2 Qf6 19. Nf5 Qxd4 20. Rxd4 Ne5 21. b3 a5 22. Kc3 Kh7 23. h4 a4 24. b4 g6 25. Ng3 c5 26. Rxd6 Nxg4 27. Rf1 cxb4+ 28. Kxb4 Re7 29. Ne2 Rc7 30. c5 Rac8 31. Rd4 Ne5 32. Rd5 Rxc5 33. Rxc5 Nd3+ 34. Kxa4 Rxc5 35. Nd4 Rh5 36. Rb1 Rxh4 37. Rxb7 Nc5+ 0-1

[Event "Olympiad Women 2024"]
[Site "Budapest HUN"]
[Date "2024.09.16"]
[Round "6.20"]
[Board "4"]
[White "Avelino, Camila Biscaya"]
[Black "Zaritovskaja, Margarita"]
[Result "1-0"]
[WhiteElo "1843"]
[BlackElo "2009"]
[PlyCount "87"]
[EventDate "2024.09.11"]
[WhiteTeam "Portugal"]
[BlackTeam "Sweden"]
[WhiteTeamCountry "POR"]
[BlackTeamCountry "SWE"]

1. e4 c5 2. Nf3 d6 3. d4 cxd4 4. Nxd4 Nf6 5. Nc3 a6 6. Bc4 e6 7. Bb3 b5 8. O-O Be7 9. Qf3 Qc7 10. Re1 O-O 11. Qg3 Nc6 12. Nxc6 Qxc6 13. Bh6 Ne8 14. Nd5 Bd8 15. Be3 $146 ({RR} 15. Rad1 Kh8 16. Bg5 Bb7 17. Bxd8 Rxd8 18. Qh4 Rd7 19. Nb4 Qc7 20. Nd3 Nf6 21. Re3 Qd8 22. Rde1 e5 23. f4 exf4 24. Qxf4 Qb6 25. Kh1 Re7 26. e5 Qc6 27. Qg3 Nh5 28. Qh3 Rfe8 29. e6 fxe6 {½-½ Browne,W-Ghitescu,T Rovinj/Zagreb 1970 (11)}) ({RR} 15. Re3 Qb7 16. Nf4 Kh8 17. Bg5 Bb6 18. Rf3 Qxe4 19. Kf1 e5 20. Nd5 Ba5 21. Ne7 Nc7 22. Nxc8 Raxc8 23. Be7 f5 24. Bxf8 Rxf8 25. c3 f4 26. Qg4 b4 27. Re1 Qc6 28. Rh3 Qe8 29. Qf3 h6 {1-0 De Firmian,N (2595)-Browne,W (2555) USA-ch 1989 (13)}) ({RR} 15. a4 Bb7 16. Nf4 Kh8 17. Bg5 Bxg5 18. Qxg5 Nf6 19. f3 Qc5+ 20. Qxc5 dxc5 21. c4 b4 22. Rad1 Rfd8 23. Kf2 Kg8 24. Ke3 Kf8 25. h4 Ke7 26. g4 Nd7 27. Nd3 a5 28. Rd2 Rac8 29. Red1 Nb6 {1-0 Aldokhin,I (2413)-Remolar Gallen,J (2285) Titled Tue 28th Feb Late 2023 (9)}) ({RR} 15. Bg5 Bxg5 16. Qxg5 exd5 17. Bxd5 Qc5 18. b4 Qa7 19. Bxa8 Qxa8 20. a4 bxa4 21. Rxa4 Qc6 22. Raa1 Nc7 23. Qd2 Nb5 24. Rac1 Qc4 25. c3 Be6 26. Qe2 Rc8 27. Qxc4 Rxc4 28. Re3 f5 29. exf5 Bxf5 {0-1 Berkovich,M (2350)-Grigorian,K (2445) Moscow2 1981}) ({RR} 15. Rad1 a5 16. c3 Kh8 17. Bg5 f6 18. Qf3 exd5 19. Bxd5 Qa6 20. Bxa8 Qxa8 21. Bf4 Be7 22. Rd5 Nc7 23. Rxd6 Bxd6 24. Bxd6 Rf7 25. Qh5 Be6 26. Bxc7 Rxc7 27. Qxb5 a4 28. e5 f5 29. Rd1 Bxa2 {0-1 Dabetic,R (2305)-Ilincic,Z (2350) YUG-ch sf Bela Crkva 1986 (1)}) 15... Bb7 16. Bd4 Qd7 17. Nb6 Bxb6 18. Bxb6 Nf6 19. Bd4 e5 20. Be3 Nxe4 21. Qh4 Qf5 22. c4 bxc4 23. Bxc4 Qg6 24. Bd3 f5 25. f3 Nf6 26. Qg5 Qxg5 27. Bxg5 Rac8 28. Bxf5 Rc5 29. Rad1 Rd8 30. Rc1 Rxc1 31. Rxc1 Bd5 32. b3 h6 33. Bh4 g5 34. Be1 Nh5 35. Rc8 Rxc8 36. Bxc8 Nf4 37. Bxa6 g4 38. Bb4 gxf3 39. gxf3 Bxf3 40. Bxd6 Nh3+ 41. Kf1 e4 42. Be2 Ng5 43. Bxf3 exf3 44. Bf4 1-0